000
00216nam a2200097Ia 4500
008
220204s9999 xx 000 0 und d
082
_a
82-3
_b
TEA
245
0
_a
Unabridged Mark Twain
700
_a
Lawrence
942
_c
BK
999
_c
30164
_d
30164